Absolute convergence across time and space: new empirical evidence for an old debate

Absolútna a relatívna konvergencia. Teória konvergencie z hľadiska hospodárskeho rastu (Solow-Swanov model). Empirické dôkazy pre absolútnu konvergenciu svetovej ekonomiky za obdobie 1996-2000. Divergencia v svetovej ekonomike - chudobné krajiny rástli pomalšie ako bohatšie krajiny. V rámci rozvojo...

Descrizione completa

Salvato in:
Dettagli Bibliografici
Autore principale: Workie Tiruneh, Menbere
Natura: Capitolo di libro
Lingua:inglese
Soggetti:
Tags: Aggiungi Tag
Nessun Tag, puoi essere il primo ad aggiungerne!!

MARC

LEADER 00000naa$a2200000$$$4500
001 0005710
005 20230929075237.1
041 0 |a eng 
044 |a SK 
245 1 0 |a Absolute convergence across time and space: new empirical evidence for an old debate  |c aut. Menbere Workie 
520 |a Absolútna a relatívna konvergencia. Teória konvergencie z hľadiska hospodárskeho rastu (Solow-Swanov model). Empirické dôkazy pre absolútnu konvergenciu svetovej ekonomiky za obdobie 1996-2000. Divergencia v svetovej ekonomike - chudobné krajiny rástli pomalšie ako bohatšie krajiny. V rámci rozvojových krajín nedošlo k absolútnej konvergencii. 
610 2 0 |a konvergencia 
610 2 0 |a teórie ekonomické 
610 2 0 |a hospodárstvo svetové 
610 2 0 |a krajiny rozvojové 
610 2 0 |a krajiny vyspelé 
610 2 0 |a rast hospodársky 
100 1 |a Workie Tiruneh, Menbere